[Event "DVM U16 2022"]
[Site "Darmstadt GER"]
[Date "2022.12.28"]
[Round "3"]
[White "Ermitsch, Magnus"]
[Black "Bungarten, Jona"]
[Result "1-0"]
[Termination "normal"]
[Board "1.1"]
[WhiteTitle "FM"]
[WhiteElo "2215"]
[BlackElo "2151"]
[WhiteClock "00:04:21"]
[BlackClock "00:01:39"]
[WhiteTeam "SC Borussia Lichtenberg"]
[BlackTeam "Schachfreunde Brackel 1930 e. V."]
[PlyCount "79"]
[WhiteFideId "16234464"]
[BlackFideId "16223608"]
[EventCountry "GER"]
[EventRounds "7"]
[EventType "team-swiss"]
[EventDate "2022.12.26"]

1. e4 {[%clk 1:30:41]} e5 {[%clk 1:30:47]} 2. Nf3 {[%clk 1:31:05]} Nc6 {[%clk
1:31:12]} 3. Bb5 {[%clk 1:31:29]} Nf6 {[%clk 1:31:19]} 4. O-O {[%clk 1:29:54]}
Nxe4 {[%clk 1:31:33]} 5. Re1 {[%clk 1:29:49]} Nd6 {[%clk 1:31:41]} 6. a4 {[%clk
1:29:28]} Be7 {[%clk 1:29:39]} 7. Nc3 {[%clk 1:29:16]} a6 {[%clk 1:28:08]} 8.
Bf1 {[%clk 1:29:21]} O-O {[%clk 1:25:43]} 9. Nxe5 {[%clk 1:29:04]} Nxe5 {[%clk
1:25:41]} 10. Rxe5 {[%clk 1:29:32]} Bf6 {[%clk 1:26:00]} 11. Re1 {[%clk
1:29:34]} Nf5 {[%clk 1:16:09]} 12. Nd5 {[%clk 1:29:58]} d6 {[%clk 1:16:06]} 13.
c3 {[%clk 1:29:42]} Be6 {[%clk 1:14:10]} 14. Nxf6 {[%clk 1:16:10]} Qxf6 {[%clk
1:14:20]} 15. d4 {[%clk 1:12:41]} c6 {[%clk 1:11:01]} 16. a5 {[%clk 1:07:19]}
Rfe8 {[%clk 1:09:19]} 17. Qh5 {[%clk 0:59:00]} c5 {[%clk 1:00:50]} 18. Bg5
{[%clk 0:56:13]} Qg6 {[%clk 1:00:40]} 19. Qxg6 {[%clk 0:56:20]} hxg6 {[%clk
1:01:08]} 20. g4 {[%clk 0:52:13]} Nh6 {[%clk 0:59:47]} 21. Bg2 {[%clk 0:43:19]}
Nxg4 {[%clk 0:44:57]} 22. Bxb7 {[%clk 0:33:41]} Ra7 {[%clk 0:41:18]} 23. Bf3
{[%clk 0:30:29]} Nf6 {[%clk 0:39:41]} 24. d5 {[%clk 0:23:46]} Bh3 {[%clk
0:34:44]} 25. Rxe8 {[%clk 0:18:40]} Nxe8 {[%clk 0:35:04]} 26. Bd8 {[%clk
0:16:49]} Nf6 {[%clk 0:28:39]} 27. b4 {[%clk 0:13:53]} Rb7 {[%clk 0:21:17]} 28.
Bb6 {[%clk 0:12:14]} Nd7 {[%clk 0:07:41]} 29. b5 {[%clk 0:11:12]} axb5 {[%clk
0:06:52]} 30. a6 {[%clk 0:11:29]} Rb8 {[%clk 0:06:12]} 31. Bc7 {[%clk 0:10:04]}
Ra8 {[%clk 0:05:53]} 32. Bxd6 {[%clk 0:08:38]} Nb6 {[%clk 0:05:56]} 33. a7
{[%clk 0:07:54]} Rc8 {[%clk 0:04:21]} 34. Bb8 {[%clk 0:07:33]} Re8 {[%clk
0:04:14]} 35. d6 {[%clk 0:07:38]} b4 {[%clk 0:04:09]} 36. cxb4 {[%clk 0:07:34]}
cxb4 {[%clk 0:04:37]} 37. Bg2 {[%clk 0:06:48]} Bd7 {[%clk 0:03:57]} 38. h4
{[%clk 0:05:09]} b3 {[%clk 0:04:14]} 39. Ra6 {[%clk 0:03:58]} Re1 {[%clk
0:01:39]} 40. Kh2 {[%clk 0:04:21]} 1-0

[Event "DVM U16 2022"]
[Site "Darmstadt GER"]
[Date "2022.12.28"]
[Round "3"]
[White "Tomasjan, Samuel"]
[Black "Klühs, Gustaf"]
[Result "0-1"]
[Termination "normal"]
[Board "1.2"]
[WhiteElo "1796"]
[BlackElo "1858"]
[WhiteClock "00:07:56"]
[BlackClock "00:44:50"]
[WhiteTeam "Schachfreunde Brackel 1930 e. V."]
[BlackTeam "SC Borussia Lichtenberg"]
[PlyCount "44"]
[WhiteFideId "16235584"]
[BlackFideId "16228936"]
[EventCountry "GER"]
[EventRounds "7"]
[EventType "team-swiss"]
[EventDate "2022.12.26"]

1. e4 {[%clk 1:30:57]} e6 {[%clk 1:30:57]} 2. d4 {[%clk 1:31:22]} d5 {[%clk
1:31:24]} 3. Nd2 {[%clk 1:31:49]} Nc6 {[%clk 1:31:52]} 4. Ngf3 {[%clk 1:32:03]}
Nf6 {[%clk 1:32:17]} 5. e5 {[%clk 1:29:37]} Nd7 {[%clk 1:32:40]} 6. c3 {[%clk
1:28:47]} f6 {[%clk 1:33:05]} 7. exf6 {[%clk 1:20:41]} Qxf6 {[%clk 1:33:30]} 8.
Bd3 {[%clk 1:16:57]} Bd6 {[%clk 1:33:53]} 9. Qc2 {[%clk 0:59:06]} e5 {[%clk
1:19:09]} 10. dxe5 {[%clk 0:58:18]} Ndxe5 {[%clk 1:19:31]} 11. O-O {[%clk
0:56:49]} Bg4 {[%clk 1:07:00]} 12. Nd4 Nxd4 {[%clk 0:54:55]} 13. cxd4 {[%clk
0:44:50]} Nxd3 {[%clk 0:55:23]} 14. Qxd3 {[%clk 0:45:10]} O-O {[%clk 0:54:12]}
15. h3 {[%clk 0:36:33]} Bh5 {[%clk 0:49:37]} 16. Nb3 {[%clk 0:34:24]} Rae8
{[%clk 0:48:12]} 17. Be3 {[%clk 0:32:44]} c6 {[%clk 0:48:17]} 18. Nc5 {[%clk
0:13:58]} Rf7 {[%clk 0:45:52]} 19. Qd2 {[%clk 0:12:46]} Qg6 {[%clk 0:45:51]}
20. Kh1 {[%clk 0:09:14]} Bf3 {[%clk 0:44:36]} 21. gxf3 {[%clk 0:08:13]} Rxf3
{[%clk 0:44:32]} 22. Bg5 {[%clk 0:07:56]} Qf5 {[%clk 0:44:50]} 0-1

[Event "DVM U16 2022"]
[Site "Darmstadt GER"]
[Date "2022.12.28"]
[Round "3"]
[White "Zielke, Ansgar"]
[Black "Kasapchuk, Oleksandr Jr."]
[Result "1/2-1/2"]
[Termination "normal"]
[Board "1.3"]
[WhiteElo "1549"]
[BlackElo "1650"]
[WhiteClock "00:01:32"]
[BlackClock "00:01:32"]
[WhiteTeam "SC Borussia Lichtenberg"]
[BlackTeam "Schachfreunde Brackel 1930 e. V."]
[PlyCount "87"]
[WhiteFideId "16244800"]
[BlackFideId "14197596"]
[EventCountry "GER"]
[EventRounds "7"]
[EventType "team-swiss"]
[EventDate "2022.12.26"]

1. d4 {[%clk 1:30:57]} d5 {[%clk 1:30:52]} 2. Bf4 {[%clk 1:31:16]} Nf6 {[%clk
1:31:14]} 3. e3 {[%clk 1:31:35]} c5 {[%clk 1:31:24]} 4. c3 {[%clk 1:31:50]} Nc6
{[%clk 1:31:50]} 5. Nd2 {[%clk 1:32:01]} cxd4 {[%clk 1:29:43]} 6. exd4 {[%clk
1:32:18]} Bf5 {[%clk 1:25:14]} 7. Ngf3 {[%clk 1:32:05]} e6 {[%clk 1:25:10]} 8.
Qb3 {[%clk 1:28:14]} Qc8 {[%clk 1:25:32]} 9. Nh4 {[%clk 1:22:49]} Be4 {[%clk
1:22:51]} 10. f3 {[%clk 1:20:36]} Bg6 {[%clk 1:22:19]} 11. Nxg6 {[%clk
1:19:19]} hxg6 {[%clk 1:22:43]} 12. g4 {[%clk 1:13:06]} Be7 {[%clk 1:08:11]}
13. Bd3 {[%clk 1:11:24]} Nd7 {[%clk 0:57:43]} 14. Bg3 {[%clk 1:07:37]} Bh4
{[%clk 0:56:29]} 15. Kf2 {[%clk 1:07:17]} Qc7 {[%clk 0:51:52]} 16. Kg2 {[%clk
0:59:25]} Bxg3 {[%clk 0:52:15]} 17. hxg3 {[%clk 0:59:48]} O-O-O {[%clk
0:52:41]} 18. f4 {[%clk 0:56:44]} g5 {[%clk 0:45:54]} 19. fxg5 {[%clk 0:52:37]}
Nb6 {[%clk 0:41:18]} 20. Nf3 {[%clk 0:49:07]} e5 {[%clk 0:38:18]} 21. dxe5
{[%clk 0:45:19]} Nxe5 {[%clk 0:38:37]} 22. Bf5 {[%clk 0:44:50]} Kb8 {[%clk
0:38:16]} 23. Nxe5 {[%clk 0:38:29]} Rxh1 {[%clk 0:38:22]} 24. Nd7 {[%clk
0:31:03]} Nxd7 {[%clk 0:38:01]} 25. Rxh1 {[%clk 0:31:21]} Nc5 {[%clk 0:38:20]}
26. Qb5 {[%clk 0:28:52]} g6 {[%clk 0:38:13]} 27. b4 {[%clk 0:22:54]} Ne4 {[%clk
0:33:24]} 28. Bxe4 {[%clk 0:21:22]} dxe4 {[%clk 0:33:51]} 29. Re1 {[%clk
0:18:01]} Qxc3 {[%clk 0:29:34]} 30. Rxe4 {[%clk 0:16:28]} Rd2 {[%clk 0:20:32]}
31. Re2 {[%clk 0:16:39]} a6 {[%clk 0:19:27]} 32. Qe8 {[%clk 0:16:00]} Ka7
{[%clk 0:19:48]} 33. Rxd2 {[%clk 0:14:58]} Qxd2 {[%clk 0:20:16]} 34. Kf3 {[%clk
0:14:47]} Qd1 {[%clk 0:07:23]} 35. Kf2 {[%clk 0:09:01]} Qd5 {[%clk 0:04:49]}
36. Qe3 {[%clk 0:08:52]} Kb8 {[%clk 0:04:59]} 37. a3 {[%clk 0:07:05]} Kc7
{[%clk 0:04:58]} 38. a4 {[%clk 0:03:56]} Qa2 {[%clk 0:03:55]} 39. Kf3 {[%clk
0:04:13]} Qxa4 {[%clk 0:03:13]} 40. Qf4 {[%clk 0:03:58]} Kb6 {[%clk 0:01:42]}
41. Qd4 {[%clk 0:01:31]} Kc7 {[%clk 0:01:47]} 42. Qf4 {[%clk 0:01:19]} Kb6
{[%clk 0:01:49]} 43. Qd4 {[%clk 0:01:18]} Kc7 {[%clk 0:01:32]} 44. Qf4 {[%clk
0:01:32]} 1/2-1/2

[Event "DVM U16 2022"]
[Site "Darmstadt GER"]
[Date "2022.12.28"]
[Round "3"]
[White "Yin, Haode"]
[Black "Reichmann, Felix"]
[Result "1-0"]
[Termination "normal"]
[Board "2.1"]
[WhiteElo "1931"]
[BlackElo "1813"]
[WhiteClock "00:27:50"]
[BlackClock "00:36:13"]
[WhiteTeam "SchachAkademiePaderborn e. V."]
[BlackTeam "Schachfreunde Nordost Berlin"]
[PlyCount "85"]
[WhiteFideId "16261348"]
[BlackFideId "16238290"]
[EventCountry "GER"]
[EventRounds "7"]
[EventType "team-swiss"]
[EventDate "2022.12.26"]

1. c4 {[%clk 1:30:57]} c5 {[%clk 1:30:46]} 2. Nf3 {[%clk 1:31:22]} Nf6 {[%clk
1:31:03]} 3. d4 {[%clk 1:31:43]} cxd4 {[%clk 1:31:28]} 4. Nxd4 {[%clk 1:32:09]}
Nc6 {[%clk 1:31:51]} 5. Nc3 {[%clk 1:31:56]} g6 {[%clk 1:31:49]} 6. e4 {[%clk
1:32:08]} Bg7 {[%clk 1:32:13]} 7. Nc2 {[%clk 1:31:58]} d6 {[%clk 1:31:47]} 8.
Be2 {[%clk 1:31:22]} Be6 {[%clk 1:30:45]} 9. Rb1 {[%clk 1:24:23]} Rc8 {[%clk
1:19:56]} 10. O-O {[%clk 1:16:12]} O-O {[%clk 1:19:53]} 11. Qe1 {[%clk
1:07:50]} Nd7 {[%clk 1:17:08]} 12. Be3 {[%clk 0:55:12]} Nc5 {[%clk 1:09:11]}
13. b4 {[%clk 0:41:46]} Bxc3 {[%clk 0:46:31]} 14. Qxc3 {[%clk 0:42:10]} Nxe4
{[%clk 0:46:57]} 15. Qb2 {[%clk 0:42:31]} f6 {[%clk 0:45:19]} 16. Nd4 {[%clk
0:30:23]} Qd7 {[%clk 0:39:10]} 17. Bh6 {[%clk 0:24:25]} Rf7 {[%clk 0:32:55]}
18. f3 {[%clk 0:20:50]} Ng5 {[%clk 0:30:51]} 19. h4 {[%clk 0:21:03]} Nxd4
{[%clk 0:30:53]} 20. Qxd4 {[%clk 0:21:21]} Bf5 {[%clk 0:31:17]} 21. hxg5 {[%clk
0:20:59]} Bxb1 {[%clk 0:31:42]} 22. Rxb1 {[%clk 0:21:22]} f5 {[%clk 0:20:55]}
23. Rd1 {[%clk 0:16:51]} Qe6 {[%clk 0:19:14]} 24. Bf1 {[%clk 0:12:16]} Qe5
{[%clk 0:16:58]} 25. Qxe5 {[%clk 0:09:19]} dxe5 {[%clk 0:17:20]} 26. c5 {[%clk
0:08:43]} e6 {[%clk 0:17:06]} 27. Bc4 {[%clk 0:07:34]} Re7 {[%clk 0:17:25]} 28.
Rd6 {[%clk 0:07:35]} Kf7 {[%clk 0:17:22]} 29. Bb5 {[%clk 0:06:10]} Rb8 {[%clk
0:10:28]} 30. a4 {[%clk 0:05:33]} a6 {[%clk 0:09:07]} 31. Bc4 {[%clk 0:05:57]}
Ree8 {[%clk 0:09:12]} 32. Kf2 {[%clk 0:04:16]} Rbc8 {[%clk 0:07:32]} 33. Rb6
{[%clk 0:02:37]} Re7 {[%clk 0:07:32]} 34. c6 {[%clk 0:01:25]} Rxc6 {[%clk
0:07:18]} 35. Rxc6 {[%clk 0:01:54]} bxc6 {[%clk 0:07:40]} 36. Bxa6 {[%clk
0:02:21]} Ra7 {[%clk 0:05:25]} 37. b5 {[%clk 0:02:46]} cxb5 {[%clk 0:05:45]}
38. axb5 {[%clk 0:02:35]} Ra8 {[%clk 0:05:37]} 39. Ke3 {[%clk 0:02:05]} Rg8
{[%clk 0:05:59]} 40. b6 {[%clk 0:01:08]} Ke7 {[%clk 0:06:22]} 41. b7 {[%clk
0:27:33]} Kd6 {[%clk 0:36:21]} 42. Bg7 {[%clk 0:27:49]} Rd8 {[%clk 0:36:13]}
43. f4 {[%clk 0:27:50]} 1-0

[Event "DVM U16 2022"]
[Site "Darmstadt GER"]
[Date "2022.12.28"]
[Round "3"]
[White "Gutewort, Paul Emil"]
[Black "Rohm, Linus"]
[Result "1/2-1/2"]
[Termination "normal"]
[Board "2.2"]
[WhiteElo "1667"]
[BlackElo "1854"]
[WhiteClock "00:54:26"]
[BlackClock "00:48:00"]
[WhiteTeam "Schachfreunde Nordost Berlin"]
[BlackTeam "SchachAkademiePaderborn e. V."]
[PlyCount "44"]
[WhiteFideId "16204182"]
[BlackFideId "16298217"]
[EventCountry "GER"]
[EventRounds "7"]
[EventType "team-swiss"]
[EventDate "2022.12.26"]

1. c4 {[%clk 1:30:56]} c5 {[%clk 1:30:47]} 2. g3 {[%clk 1:31:20]} Nf6 {[%clk
1:31:07]} 3. Bg2 {[%clk 1:31:43]} d5 {[%clk 1:31:25]} 4. cxd5 {[%clk 1:32:06]}
Nxd5 {[%clk 1:31:41]} 5. Nc3 {[%clk 1:32:30]} Nc7 {[%clk 1:31:31]} 6. d3 {[%clk
1:32:51]} e5 {[%clk 1:30:23]} 7. f4 {[%clk 1:29:49]} exf4 {[%clk 1:25:31]} 8.
Qa4 {[%clk 1:29:55]} Qd7 {[%clk 1:23:10]} 9. Qxd7 {[%clk 1:26:24]} Nxd7 {[%clk
1:23:22]} 10. Bxf4 {[%clk 1:23:14]} Ne6 {[%clk 1:20:55]} 11. Be3 {[%clk
1:18:35]} Bd6 {[%clk 1:16:40]} 12. Nf3 {[%clk 1:18:22]} O-O {[%clk 1:16:24]}
13. Ne4 {[%clk 1:18:03]} Be7 {[%clk 1:15:44]} 14. O-O {[%clk 1:16:16]} h6
{[%clk 1:13:50]} 15. Nh4 {[%clk 1:08:11]} Bxh4 {[%clk 1:06:18]} 16. gxh4 {[%clk
1:08:36]} f5 {[%clk 0:59:09]} 17. Bh3 {[%clk 1:05:55]} fxe4 {[%clk 0:52:41]}
18. Bxe6 {[%clk 1:05:41]} Kh8 {[%clk 0:51:52]} 19. Bxd7 {[%clk 0:53:22]} Bxd7
{[%clk 0:51:28]} 20. Bxc5 {[%clk 0:53:48]} Rxf1 {[%clk 0:49:54]} 21. Rxf1
{[%clk 0:54:02]} exd3 {[%clk 0:50:11]} 22. exd3 {[%clk 0:54:26]} Be6 {[%clk
0:48:00]} 1/2-1/2

[Event "DVM U16 2022"]
[Site "Darmstadt GER"]
[Date "2022.12.28"]
[Round "3"]
[White "Gering, Jakob"]
[Black "Duduka, Artem"]
[Result "1/2-1/2"]
[Termination "normal"]
[Board "2.3"]
[WhiteElo "1539"]
[BlackElo "1602"]
[WhiteClock "00:04:49"]
[BlackClock "00:11:45"]
[WhiteTeam "SchachAkademiePaderborn e. V."]
[BlackTeam "Schachfreunde Nordost Berlin"]
[PlyCount "55"]
[WhiteFideId "16298225"]
[BlackFideId "14194805"]
[EventCountry "GER"]
[EventRounds "7"]
[EventType "team-swiss"]
[EventDate "2022.12.26"]

1. d4 {[%clk 1:30:57]} Nf6 {[%clk 1:30:36]} 2. c4 {[%clk 1:31:22]} g6 {[%clk
1:30:41]} 3. Nc3 {[%clk 1:31:30]} d5 {[%clk 1:30:46]} 4. cxd5 {[%clk 1:31:13]}
Nxd5 {[%clk 1:30:47]} 5. Bd2 {[%clk 1:31:09]} Nxc3 {[%clk 1:28:09]} 6. Bxc3
{[%clk 1:31:04]} Bg7 {[%clk 1:27:27]} 7. e4 {[%clk 1:31:02]} O-O {[%clk
1:25:27]} 8. Qd2 {[%clk 1:23:47]} c5 {[%clk 1:20:28]} 9. d5 {[%clk 1:23:55]}
Qd6 {[%clk 1:10:55]} 10. f4 {[%clk 1:17:35]} e6 {[%clk 1:05:14]} 11. Bxg7
{[%clk 1:01:14]} Kxg7 {[%clk 1:05:25]} 12. Bc4 {[%clk 0:59:41]} exd5 {[%clk
0:59:13]} 13. Bxd5 {[%clk 0:58:07]} Rd8 {[%clk 0:47:17]} 14. Rd1 {[%clk
0:48:48]} f6 {[%clk 0:36:37]} 15. Nf3 {[%clk 0:39:48]} Qe7 {[%clk 0:34:57]} 16.
O-O {[%clk 0:33:33]} Be6 {[%clk 0:32:35]} 17. Qc3 {[%clk 0:31:41]} Bxd5 {[%clk
0:31:42]} 18. exd5 {[%clk 0:30:41]} Na6 {[%clk 0:20:27]} 19. Ng5 {[%clk
0:21:31]} Nc7 {[%clk 0:18:55]} 20. Rfe1 {[%clk 0:15:57]} Qf8 {[%clk 0:15:45]}
21. Ne6 {[%clk 0:14:18]} Nxe6 {[%clk 0:16:07]} 22. Rxe6 {[%clk 0:13:36]} Rd7
{[%clk 0:15:09]} 23. d6 {[%clk 0:13:12]} b6 {[%clk 0:14:45]} 24. g4 {[%clk
0:11:17]} Re8 {[%clk 0:11:51]} 25. Rxe8 {[%clk 0:09:55]} Qxe8 {[%clk 0:12:09]}
26. g5 {[%clk 0:08:24]} Qe6 {[%clk 0:11:33]} 27. gxf6 {[%clk 0:04:55]} Qxf6
{[%clk 0:11:45]} 28. Qe5 {[%clk 0:04:49]} 1/2-1/2

[Event "DVM U16 2022"]
[Site "Darmstadt GER"]
[Date "2022.12.28"]
[Round "3"]
[White "Buchinger, Alexis"]
[Black "Lerchl, Clemens"]
[Result "1-0"]
[Termination "normal"]
[Board "3.1"]
[WhiteElo "1909"]
[BlackElo "1958"]
[WhiteTeam "SF Neuberg"]
[BlackTeam "Schach-Club Vaterstetten-Grasbrunn"]
[PlyCount "71"]
[WhiteFideId "16287134"]
[BlackFideId "16226372"]
[EventCountry "GER"]
[EventRounds "7"]
[EventType "team-swiss"]
[EventDate "2022.12.26"]

1. e4 c5 2. Nf3 d6 3. d4 Nf6 4. Nc3 cxd4 5. Nxd4 g6 6. Be3 Bg7 7. f3 O-O 8. Qd2
Nc6 9. O-O-O d5 10. Nxc6 bxc6 11. exd5 Nxd5 12. Bd4 e5 13. Bc5 Be6 14. Ne4 Re8
15. h4 h5 16. Bc4 Nf4 17. Bxe6 Nxe6 18. Qc3 Qc7 19. Be3 Rab8 20. g4 Nf4 21. Qa3
Red8 22. Qxa7 Qxa7 23. Bxa7 Rxd1 24. Rxd1 Ra8 25. Rd7 Ng2 26. Bf2 Rxa2 27. Rd8
Kh7 28. Ng5 Kh6 29. Nxf7 Kh7 30. Ng5 Kh6 31. Rd7 Ra5 32. Ne6 hxg4 33. fxg4 e4
34. Nxg7 e3 35. Bxe3 Nxe3 36. g5 1-0

[Event "DVM U16 2022"]
[Site "Darmstadt GER"]
[Date "2022.12.28"]
[Round "3"]
[White "Popovici, Liviu-Daniel"]
[Black "Eull, Emil"]
[Result "0-1"]
[Termination "normal"]
[Board "3.2"]
[WhiteElo "1594"]
[BlackElo "1969"]
[WhiteClock "00:49:31"]
[BlackClock "00:49:19"]
[WhiteTeam "Schach-Club Vaterstetten-Grasbrunn"]
[BlackTeam "SF Neuberg"]
[PlyCount "102"]
[WhiteFideId "1253689"]
[BlackFideId "16253809"]
[EventCountry "GER"]
[EventRounds "7"]
[EventType "team-swiss"]
[EventDate "2022.12.26"]

1. e4 {[%clk 1:30:56]} c6 {[%clk 1:30:50]} 2. d4 {[%clk 1:31:10]} d5 {[%clk
1:31:07]} 3. e5 {[%clk 1:31:01]} Bf5 {[%clk 1:31:01]} 4. Bd3 {[%clk 1:30:25]}
Bxd3 {[%clk 1:31:19]} 5. Qxd3 {[%clk 1:30:47]} e6 {[%clk 1:31:43]} 6. Nf3
{[%clk 1:30:08]} Qa5 {[%clk 1:31:56]} 7. Nc3 {[%clk 1:26:28]} Qa6 {[%clk
1:32:05]} 8. Qxa6 {[%clk 1:23:34]} Nxa6 {[%clk 1:32:27]} 9. a3 {[%clk 1:23:47]}
Ne7 {[%clk 1:28:02]} 10. O-O {[%clk 1:16:42]} h5 {[%clk 1:23:49]} 11. h4 {[%clk
1:15:04]} Nf5 {[%clk 1:23:59]} 12. g3 {[%clk 1:12:55]} c5 {[%clk 1:20:34]} 13.
Nb5 {[%clk 1:08:27]} Kd7 {[%clk 1:15:12]} 14. Rd1 {[%clk 1:04:10]} Kc6 {[%clk
1:09:57]} 15. Nc3 {[%clk 1:02:45]} cxd4 {[%clk 0:57:16]} 16. Nxd4 {[%clk
1:03:01]} Nxd4 {[%clk 0:57:32]} 17. Rxd4 {[%clk 1:03:27]} f6 {[%clk 0:54:53]}
18. Bf4 {[%clk 0:57:28]} Rg8 {[%clk 0:49:19]} 19. Re1 {[%clk 0:49:31]} Bc5 20.
Rd3 {[%clk 0:49:31]} g5 21. hxg5 {[%clk 0:49:31]} fxg5 22. Be3 {[%clk 0:49:31]}
Bxe3 23. Rexe3 {[%clk 0:49:31]} Nc5 24. Rd1 {[%clk 0:49:31]} Raf8 25. Kg2
{[%clk 0:49:31]} h4 26. Re2 {[%clk 0:49:31]} Rf5 27. Rd4 {[%clk 0:49:31]} hxg3
28. Kxg3 {[%clk 0:49:31]} Nd7 29. Rb4 {[%clk 0:49:31]} a6 30. Re3 {[%clk
0:49:31]} Rxe5 31. Rxe5 {[%clk 0:49:31]} Nxe5 32. Ne2 {[%clk 0:49:31]} b5 33.
Nd4 {[%clk 0:49:31]} Kd6 34. a4 {[%clk 0:49:31]} Nc6 35. Nxc6 {[%clk 0:49:31]}
Kxc6 36. axb5 {[%clk 0:49:31]} axb5 37. Rb3 {[%clk 0:49:31]} e5 38. Kg4 {[%clk
0:49:31]} e4 39. f3 {[%clk 0:49:31]} Re8 40. fxe4 {[%clk 0:49:31]} dxe4 41. Re3
{[%clk 0:49:31]} Kd5 42. Kxg5 {[%clk 0:49:31]} Ke5 43. Rg3 {[%clk 0:49:31]} Kd4
44. c3 {[%clk 0:49:31]} Ke5 45. Kg4 {[%clk 0:49:31]} Rf8 46. b3 {[%clk
0:49:31]} Rf2 47. Re3 {[%clk 0:49:31]} Rb2 48. b4 {[%clk 0:49:31]} Rg2 49. Kh3
{[%clk 0:49:31]} Rg8 50. Rg3 {[%clk 0:49:31]} Rxg3 51. Kxg3 {[%clk 0:49:31]}
Kd5 0-1

[Event "DVM U16 2022"]
[Site "Darmstadt GER"]
[Date "2022.12.28"]
[Round "3"]
[White "Kaiser, Jason"]
[Black "Deiters, Clemens"]
[Result "0-1"]
[Termination "normal"]
[Board "3.3"]
[WhiteElo "1345"]
[BlackElo "1343"]
[WhiteClock "00:01:13"]
[BlackClock "00:01:34"]
[WhiteTeam "SF Neuberg"]
[BlackTeam "Schach-Club Vaterstetten-Grasbrunn"]
[PlyCount "86"]
[WhiteFideId "16275187"]
[BlackFideId "16240243"]
[EventCountry "GER"]
[EventRounds "7"]
[EventType "team-swiss"]
[EventDate "2022.12.26"]

1. e4 {[%clk 1:30:54]} c5 {[%clk 1:30:52]} 2. Nc3 {[%clk 1:31:07]} Nc6 {[%clk
1:30:50]} 3. Nf3 {[%clk 1:30:29]} a6 {[%clk 1:30:12]} 4. g3 {[%clk 1:29:15]} g6
{[%clk 1:30:11]} 5. Bg2 {[%clk 1:27:57]} Bg7 {[%clk 1:30:32]} 6. d3 {[%clk
1:26:15]} e6 {[%clk 1:28:17]} 7. Be3 {[%clk 1:22:09]} b6 {[%clk 1:26:55]} 8.
O-O {[%clk 1:16:18]} Bb7 {[%clk 1:26:01]} 9. Re1 {[%clk 1:12:03]} Nge7 {[%clk
1:24:43]} 10. Rb1 {[%clk 1:06:30]} O-O {[%clk 1:22:02]} 11. Qd2 {[%clk
1:00:34]} d5 {[%clk 1:17:12]} 12. Bh6 {[%clk 0:52:28]} b5 {[%clk 1:08:18]} 13.
exd5 {[%clk 0:44:49]} exd5 {[%clk 1:07:22]} 14. Bxg7 {[%clk 0:39:33]} Kxg7
{[%clk 1:07:41]} 15. Ne5 {[%clk 0:35:13]} Nd4 {[%clk 0:57:33]} 16. Ng4 {[%clk
0:28:15]} Nef5 {[%clk 0:53:45]} 17. Ne2 {[%clk 0:22:02]} Nxe2 {[%clk 0:46:33]}
18. Rxe2 {[%clk 0:21:27]} Qc7 {[%clk 0:45:53]} 19. Rbe1 {[%clk 0:19:21]} h5
{[%clk 0:42:28]} 20. Ne3 {[%clk 0:15:49]} Ne7 {[%clk 0:34:10]} 21. d4 {[%clk
0:12:14]} c4 {[%clk 0:31:19]} 22. Nd1 {[%clk 0:10:11]} Nf5 {[%clk 0:28:30]} 23.
Bh3 {[%clk 0:08:24]} Bc8 {[%clk 0:20:55]} 24. Bxf5 {[%clk 0:06:12]} Bxf5 {[%clk
0:21:16]} 25. Re7 {[%clk 0:04:22]} Qc6 {[%clk 0:21:30]} 26. R7e5 {[%clk
0:02:31]} Rfe8 {[%clk 0:20:48]} 27. f3 {[%clk 0:01:51]} Rxe5 {[%clk 0:18:56]}
28. dxe5 {[%clk 0:01:51]} Rd8 {[%clk 0:18:30]} 29. Ne3 {[%clk 0:01:41]} Qb6
{[%clk 0:17:43]} 30. Kg2 {[%clk 0:01:32]} Be6 {[%clk 0:18:00]} 31. c3 {[%clk
0:00:53]} d4 {[%clk 0:14:42]} 32. Nc2 {[%clk 0:00:40]} d3 {[%clk 0:14:09]} 33.
Nd4 {[%clk 0:00:59]} Bd5 {[%clk 0:08:25]} 34. Qg5 {[%clk 0:00:47]} Kh7 {[%clk
0:02:41]} 35. e6 {[%clk 0:00:33]} Bxe6 {[%clk 0:01:57]} 36. Nxe6 {[%clk
0:00:39]} fxe6 {[%clk 0:01:56]} 37. Qe7 {[%clk 0:00:34]} Kh6 {[%clk 0:01:11]}
38. h4 {[%clk 0:00:38]} Rg8 {[%clk 0:00:42]} 39. Rxe6 {[%clk 0:00:37]} Qd8
{[%clk 0:00:50]} 40. Qc5 {[%clk 0:00:31]} d2 {[%clk 0:01:05]} 41. Rd6 {[%clk
0:00:36]} d1=Q {[%clk 0:00:59]} 42. Rxd1 {[%clk 0:00:51]} Qxd1 {[%clk 0:01:21]}
43. Qg5 {[%clk 0:01:13]} Kh7 {[%clk 0:01:34]} 0-1

[Event "DVM U16 2022"]
[Site "Darmstadt GER"]
[Date "2022.12.28"]
[Round "3"]
[White "Karpen, Jakob"]
[Black "Pomrehn, Ole Magnus"]
[Result "1-0"]
[Termination "normal"]
[Board "3.4"]
[WhiteElo "1345"]
[BlackElo "1525"]
[WhiteClock "00:20:39"]
[BlackClock "00:00:58"]
[WhiteTeam "Schach-Club Vaterstetten-Grasbrunn"]
[BlackTeam "SF Neuberg"]
[PlyCount "67"]
[WhiteFideId "16255453"]
[BlackFideId "16232704"]
[EventCountry "GER"]
[EventRounds "7"]
[EventType "team-swiss"]
[EventDate "2022.12.26"]

1. d4 {[%clk 1:30:44]} d5 {[%clk 1:30:51]} 2. c4 {[%clk 1:30:56]} e6 {[%clk
1:30:51]} 3. e3 {[%clk 1:31:03]} Nf6 {[%clk 1:31:02]} 4. Nf3 {[%clk 1:31:14]}
c6 {[%clk 1:31:13]} 5. Nc3 {[%clk 1:31:27]} Bd6 {[%clk 1:31:17]} 6. Bd3 {[%clk
1:31:14]} Nbd7 {[%clk 1:31:22]} 7. O-O {[%clk 1:31:02]} O-O {[%clk 1:31:32]} 8.
e4 {[%clk 1:29:38]} dxe4 {[%clk 1:30:52]} 9. Nxe4 {[%clk 1:29:55]} Nxe4 {[%clk
1:31:12]} 10. Bxe4 {[%clk 1:30:19]} e5 {[%clk 1:20:26]} 11. dxe5 {[%clk
1:19:49]} Nxe5 {[%clk 1:20:39]} 12. Nxe5 {[%clk 1:20:11]} Bxe5 {[%clk 1:21:02]}
13. Qh5 {[%clk 1:20:31]} f5 {[%clk 1:18:57]} 14. Bc2 {[%clk 1:14:04]} g6 {[%clk
1:02:42]} 15. Qf3 {[%clk 1:08:45]} Qc7 {[%clk 1:00:47]} 16. h3 {[%clk 1:05:38]}
Be6 {[%clk 0:57:41]} 17. Bb3 {[%clk 1:04:47]} Rad8 {[%clk 0:48:30]} 18. Re1
{[%clk 0:59:26]} Rd4 {[%clk 0:38:03]} 19. Qe2 {[%clk 0:45:16]} Re4 {[%clk
0:35:24]} 20. Qf1 {[%clk 0:44:31]} Bd4 {[%clk 0:25:28]} 21. Bh6 {[%clk
0:38:45]} Rf7 {[%clk 0:14:59]} 22. Rab1 {[%clk 0:37:27]} Qe5 {[%clk 0:03:57]}
23. Rbd1 {[%clk 0:33:48]} Qf6 {[%clk 0:03:03]} 24. Re2 {[%clk 0:25:40]} g5
{[%clk 0:00:36]} 25. Bxg5 {[%clk 0:23:14]} Bxf2 {[%clk 0:00:42]} 26. Qxf2
{[%clk 0:22:43]} Qxg5 {[%clk 0:01:03]} 27. Rxe4 {[%clk 0:20:14]} fxe4 {[%clk
0:01:32]} 28. Qe2 {[%clk 0:20:07]} Bxh3 {[%clk 0:00:59]} 29. c5 {[%clk
0:19:05]} Qxc5 {[%clk 0:00:53]} 30. Kh1 {[%clk 0:19:26]} Qe7 {[%clk 0:00:31]}
31. Bxf7 {[%clk 0:19:40]} Qxf7 {[%clk 0:00:45]} 32. gxh3 {[%clk 0:19:52]} Qf3
{[%clk 0:00:33]} 33. Qxf3 {[%clk 0:20:12]} exf3 {[%clk 0:00:58]} 34. Rf1 {[%clk
0:20:39]} 1-0